000
00273nam a22001217a 4500
008
170502b xxu||||| |||| 00| 0 eng d
041
_a
eng
080
_2
2 ED
_a
34
100
_a
13
101
_a
SHJ
245
_a
AMERICAN JURISPRUDENCE
_c
ROSENHOUSE.M.A
942
_2
udc
_c
BK
999
_c
12446
_d
12446